000 00574nam a2200193Ia 4500
003 IN-BaIIA
008 211028s9999 xx 000 0 eng d
020 _a0-201-13505-1
040 _cIIA Library
080 _a031:51
_bEMA-6
100 _aMinc, Henryk
_910682
245 0 _aPermanents
_cHenryk Minc
260 _aReding
_bAddison-Wesley
_c1978
300 _axviii, 205p.
650 _aAstronomy and Astrophysics Thesaurus
650 _aEncyclopedia-Mathematics
650 _aMathematics Encyclopedia
_910050
942 _cBK
999 _c6206
_d6206